000 00804cam a22002411 4500
001 sa 65003875
003 DLC
005 20260227112126.0
008 950308s1953 bg 000 0 beno
010 _asa 65003875
025 _aPL480:EP-B-686
035 _a(OCoLC)32111030
040 _aDLC
_cCU
_dCU
_dDLC
042 _apremarc
050 0 0 _aL578.5
_b.A58
110 1 _aEast Pakistan.
_bBureau of Educational Information and Statistics.
245 1 0 _aPūrbbabaṅga pradeśera prāthamika bidyālaẏa samūhera saṃśodhita pāṭhya tālikā.
260 _aDacca,
_bSuperintendent, Govt. Printing, East Bengal Govt. Press,
_c1953.
300 _a60 p.
_c24 cm.
500 _aIn Bengali.
500 _aAt head of title: Education Directorate. East Bengal.
650 0 _aEducation
_zBangladesh.
999 _c63404
_d63404